|
|
|
|
| LEADER |
01222nam a22003132a 4500 |
| 001 |
000210381 |
| 003 |
CZ BrMZK |
| 005 |
20201012145523.0 |
| 007 |
ta |
| 008 |
030408s1968 xr f |||| 0 cze d |
| 015 |
|
|
|a cnb000448263
|
| 035 |
|
|
|a (OCoLC)42104309
|
| 040 |
|
|
|a ABA001
|b cze
|c PNA001
|d ABA001
|d BOA001
|
| 041 |
1 |
|
|a cze
|h ger
|
| 072 |
|
7 |
|a 821.112.2-2
|x Německé drama, německy psané
|2 Konspekt
|9 25
|
| 100 |
1 |
|
|a Nestroy, Johann,
|d 1801-1862
|7 jn20000604160
|4 aut
|
| 245 |
1 |
0 |
|a Dva náměsíčníci aneb Nezbytné a nadbytečné /
|c Johann Nepomuk Nestroy ; z německého originálu přeložil, upravil a texty písní napsal Sergej Machonin ; hudba: Milivoj Uzelac
|
| 246 |
3 |
0 |
|a Nezbytné a nadbytečné
|
| 260 |
|
|
|a Praha :
|b Dilia,
|c 1968
|
| 300 |
|
|
|a 78 s. ;
|c 4°
|
| 655 |
|
7 |
|a rakouská dramata
|7 fd133217
|2 czenas
|
| 655 |
|
7 |
|a divadelní hry
|7 fd132028
|2 czenas
|
| 700 |
1 |
|
|a Uzelac, Milivoj,
|d 1919-1988
|7 jn99240001226
|4 cmp
|
| 700 |
1 |
|
|a Machonin, Sergej,
|d 1918-1995
|7 jk01073028
|4 trl
|4 edt
|4 lyr
|
| 765 |
0 |
|
|t Beiden Nachtwandler
|9 Česky
|
| 910 |
|
|
|a BOA001
|b 3-0600.714
|
| 990 |
|
|
|a BK
|
| 991 |
|
|
|b 202009
|
| 996 |
7 |
|
|b 2619923530
|c 3-0600.714
|l MZK
|r Sklad / do 1 hodiny
|n 12
|w 000210381
|u 000010
|a 1
|e BOA001
|j MZK50
|s A
|